| 000 | 00865cam a22002778a 4500 | ||
|---|---|---|---|
| 001 | 4974302 | ||
| 005 | 20200129130616.0 | ||
| 008 | 121210r20132012enka j 000 1 eng d | ||
| 015 |
_aGBB2C5290 _2bnb |
||
| 020 |
_a9781447210856 (pbk.) : _c£6.99 |
||
| 035 | _a(Uk)016229723 | ||
| 035 | _a2827600 | ||
| 040 |
_aStDuBDS _beng _cStDuBDS |
||
| 082 | 0 | 4 |
_a823.92 _223 |
| 100 | 1 | _aDonaldson, Julia. | |
| 245 | 1 | 4 |
_aThe singing mermaid / _cwritten by Julia Donaldson ; illustrated by Lydia Monks. |
| 260 |
_aLondon : _bMacmillan Children's, _c2013, c2012. |
||
| 263 | _a201304 | ||
| 300 |
_a1 v. : _bchiefly col. ill. ; _c25 cm. |
||
| 500 | _aOriginally published: 2012. | ||
| 650 | 0 |
_aMermaids _vPictorial works _vJuvenile fiction. |
|
| 655 | 7 |
_aChildren's stories _vPictorial works. _2gsafd |
|
| 655 | 0 | _aStories in rhyme. | |
| 700 | 1 | _aMonks, Lydia. | |
| 942 | _cBK | ||
| 999 |
_c436 _d436 |
||